[Event "Olympiad-36"]
[Site "Mallorca"]
[Date "2004.10.20"]
[Round "6"]
[White "Azmaiparashvili, Zurab"]
[Black "Atalik, Suat"]
[Result "1/2-1/2"]
[WhiteElo "2672"]
[BlackElo "2541"]
[Annotator "Atalik,S"]
[PlyCount "159"]
[EventDate "2004.10.15"]
[EventType "team-swiss"]
[EventRounds "14"]
[EventCountry "ESP"]
[SourceTitle "CBM 104"]
[Source "ChessBase"]
[SourceDate "2005.01.27"]
[SourceVersion "1"]
[SourceVersionDate "2005.01.27"]
[SourceQuality "1"]
[WhiteTeam "Georgia"]
[BlackTeam "Bosnia&Herzegovina"]
[WhiteTeamCountry "GEO"]
[BlackTeamCountry "BIH"]

1. d4 d5 2. c4 c6 3. Nf3 Nf6 4. e3 g6 {Schlechter's system is still kicking.}
5. Bd3 $5 {A move which looks intelligent from the galloot.} Bf5 $6 {Played
with some intentions to post Bd6 after bishops swap and e6.} (5... Bg7 6. O-O
O-O {and let us see what he is up to.}) 6. Bxf5 gxf5 7. Qb3 $1 {Excellent!} Qb6
8. Qc2 $1 {The point.} e6 9. cxd5 Nxd5 $8 (9... cxd5 $6 10. Qc8+ Ke7 11. b3 Nc6
12. Ba3+ Nb4 13. Qxa8 Bg7 14. Qxh8 Bxh8 15. O-O $16 {looks ugly.}) 10. O-O Nd7
11. Nbd2 (11. Nc3 N7f6 12. Ne5 Bd6 13. Nc4 Qc7 14. Nxd6+ Qxd6 $13) 11... Nb4 $5
12. Qb1 {I was surprised by his choice.} (12. Qd1 Qb5 $1 13. a3 Nd3 {was my
idea.}) (12. Qb3 Qb5 13. a3 Nd3 14. Qxb5 cxb5 15. Nb3 Nb6 16. Rd1 Nxc1 17.
Raxc1 Nd5 18. Ne5 f6 19. Nd3 b6 20. g3 $13) 12... Qb5 13. a3 Nd3 14. b4 {
For all these moves my worries were attached to e3-e4 thrust. When I have
understood that he will never go for that I felt some relief!} (14. e4 Nf4 15.
exf5 Rg8 16. g3 Qxf5 17. Qxf5 exf5 18. Nc4 Ne6 $132) 14... Nxc1 15. Rxc1 Rg8 $1
16. Qa2 $5 {He played this with the idea to prevent Qd5.} (16. e4 fxe4 17. Nxe4
Qf5 $13) 16... Qd5 $1 $11 {Yes that is it punch to punch eye for eye and teeth
for teeth.} 17. Qxd5 cxd5 18. Rc7 Rb8 19. Ne5 {It became obvious that he wants
to play a NvsB endgame.} (19. Rac1 Nb6 $1 (19... Bd6 $2 20. Rxb7 $1 Rxb7 21.
Rc8+ Ke7 22. Rxg8 Rc7 23. Nb3 Rc3 (23... Rc2 $2 24. g3 Ra2 25. Na5 Rxa3 26.
Nc6+ Kf6 27. Rd8 $18) 24. Nfd2 Nb6 25. g3 Rc2 26. Nf3 Rc3 27. Na5 $1 (27. Nc5
Rxa3 28. Rh8 a5 29. bxa5 Rxa5 30. Rxh7 Bxc5 31. dxc5 Rxc5 32. Ng5 Kf6 33. h4
Rc7 $11) 27... Rxa3 28. Nc6+ $18) 20. Ne5 Bd6 21. R7c2 Ke7 22. Nd3 Rbc8 $11)
19... Bd6 $8 20. Nxd7 Bxc7 21. Nxb8 Bxb8 22. Nb3 b6 $1 {Na5 should not be
allowed.} 23. f4 $1 {He seals my f4 forever.} (23. a4 Kd7 24. a5 $140 $2 Kc6
$17 {Kingdom comes!}) 23... Kd7 24. Rc1 Bd6 25. Kf2 Rb8 $5 {I wanted to put
some scare on him with a possible a5.} (25... a6 $142 26. g3 h5 $11) 26. b5 $1
a6 27. a4 Ra8 28. Ra1 Bb4 29. Ke2 h5 {Draw offer. Frankly speaking I have got
bored.} (29... axb5 30. axb5 Rxa1 31. Nxa1 h5 32. Nc2 Bc3 33. Kd3 Ba5 34. Na1
f6 35. Nb3 Bb4 36. Nc1 Ke7 37. Ne2 Kf7 38. Ng3 Kg6 $11) 30. Kd1 Ra7 31. bxa6
Rxa6 32. Nc1 b5 33. Rb1 (33. Nd3 $6 Bd6 34. a5 b4 35. Ra4 $1 {Otherwise we
know the history: Kingdom comes!} Kc6 36. Rxb4 Rxa5 $11 (36... Bxb4 37. Nxb4+
Kb5 38. Nxa6 Kxa6 39. Kc2 (39. Ke2 Kxa5 40. Kf3 Kb4 41. Kg3 Kc3 42. Kh4 Kd3 43.
Kxh5 Kxe3 44. Kg5 Kxd4 45. h4 Ke3 46. h5 d4 47. h6 d3 48. h7 d2 49. h8=Q d1=Q
50. Qe5+ Kf2 51. Kf6 Qh5 $19) 39... Kxa5 40. Kb3 Kb5 41. Kc3 Ka4 42. Kc2 Kb4
43. Kd2 Kb3 44. Kd3 Kb2 45. Kd2 Kb3 $11)) 33... Rxa4 34. Nd3 Bd6 35. Rxb5 Ra2
36. Rb2 Rxb2 37. Nxb2 $11 {We have really a boring position with 200 kgs of
pushing power behind both sides of the board. It is a physical equilibrium.}
Ke7 (37... Bb4 38. Nd3 Ba5 39. Ne5+ Ke8 40. Nc6 {would anyway kick my bishop
out of a5-e1 diagonal.}) 38. Nd3 Bc7 39. Nb4 Kf6 40. Kc2 Kg7 41. Kb3 Bd8 42.
Ka4 Bh4 43. Nd3 Bd8 44. Kb5 Kf8 45. Ka4 Kg7 46. Kb3 Ba5 47. Nb4 Kf8 48. Ka4 Bc7
49. Kb5 Bd6 50. Nc2 Be7 51. Kc6 Bd8 52. Kb5 Bh4 53. g3 Be7 54. Nb4 Ke8 {
I have realised that I should not push f7-f6 either h5-h4 not to make
defensive task to complicated.} 55. Nd3 Ba3 56. Ka4 Be7 57. Nc5 Bf8 58. Kb5 Be7
59. Kc6 Bf8 60. h3 Be7 61. Kb6 Bd8+ 62. Kb5 Be7 63. Nd3 Ba3 64. Ka4 Bd6 65. Nf2
Be7 66. Kb3 Bd8 67. Kc2 Kf8 68. Kd3 Ba5 69. Ke2 {Yes indeed his rearcovering
operation succeded now he goes for g4.} Kg7 70. g4 hxg4 71. hxg4 fxg4 72. Nxg4
Kg6 73. Ne5+ Kf6 74. Kd3 Bc7 75. e4 dxe4+ 76. Kxe4 Bxe5 77. fxe5+ (77. dxe5+
Kg6 $11 {also results in a draw.}) 77... Kg5 78. d5 exd5+ {Watching him to
grow impatient I started to consume my time looking at funny things.} (78...
f5+ $4 79. exf6 (79. Kd4 $4 exd5 80. Kxd5 f4 81. e6 f3 82. e7 f2 83. e8=Q f1=Q
84. Qg8+ Kh4 $11) 79... Kxf6 80. d6 e5 (80... Kf7 81. Ke5 Kf8 82. Kf6 $1 $18)
81. Kd5 e4 82. Kc6 $1 $18) 79. Kxd5 Kf5 80. Kd6 1/2-1/2

[Event "Batumi FIDE GP (Women)"]
[Site "Batumi"]
[Date "2016.04.22"]
[Round "3"]
[White "Gunina, Valentina"]
[Black "Muzychuk, Mariya"]
[Result "1-0"]
[WhiteElo "2497"]
[BlackElo "2561"]
[Annotator "Fischer,J"]
[PlyCount "63"]
[EventDate "2016.04.20"]
[EventType "tourn"]
[EventRounds "11"]
[EventCountry "GEO"]
[EventCategory "10"]
[SourceTitle "CBM 172"]
[Source "ChessBase"]
[SourceDate "2016.05.12"]
[SourceVersion "1"]
[SourceVersionDate "2016.05.12"]
[SourceQuality "1"]
[WhiteClock "0:53:06"]
[BlackClock "0:01:03"]

1. d4 Nf6 2. c4 g6 3. f3 d5 4. cxd5 Nxd5 5. e4 Nb6 6. Nc3 Bg7 7. Be3 O-O 8. Qd2
Nc6 9. O-O-O Qd6 ({The famous Magnus Carlsen - Li Chao game at the Qatar
Masters in Doha continued} 9... f5 10. e5 Nb4 11. Nh3 Qe8 12. Kb1 a5 13. Be2 c6
14. Rc1 Kh8 15. Ka1 Be6 16. Nf4 Qf7 17. h4 Bxa2 18. h5 Kg8 19. hxg6 hxg6 20. g4
Bb3 21. Bd1 a4 22. Qh2 Rfd8 23. Qh7+ Kf8 24. d5 Nc4 25. Nxg6+ Ke8 26. e6 a3 27.
exf7+ Kd7 28. Ne5+ Bxe5 29. Qxf5+ Kc7 30. Qxe5+ Nxe5 31. Bxb3 axb2+ 32. Kxb2
Nbd3+ 33. Kb1 Nxc1 34. Rxc1 Kc8 35. dxc6 bxc6 36. f4 {1-0 (36) Carlsen,M (2834)
-Li,C (2750) Doha 2015}) 10. Nb5 Qd7 11. Kb1 Rd8 12. d5 a6 13. Nc3 Na5 14. Qc1
Nbc4 15. Bd4 Bxd4 16. Rxd4 b5 17. Bxc4 $146 {A new move. White gives the
bishop to develop her pieces quickly.} Nxc4 18. Nge2 Qd6 19. h4 h5 {[#]} 20. g4
$5 {White loses no time to get her attack going.} Ne5 $6 {Refraining from
accepting the offer. However, it might have been better to take the pawn.} ({
After} 20... hxg4 21. f4 Kg7 22. h5 Rh8 23. Ng3 Bd7 {White still has to prove
that she has sufficient attacking chances for the pawn.}) 21. gxh5 b4 22. Na4
Nxf3 23. hxg6 $1 fxg6 24. h5 $1 {White does not lose time to save material but
continues her attack.} Nxd4 25. Nxd4 Qe5 {[#]White's attack is hard to parry.}
({After e.g.} 25... Bd7 26. Rg1 Be8 27. Ne6 {the white pieces are simply
dominating and Black will soon be forced to give up material.}) 26. Nc6 Qxe4+
27. Ka1 Bf5 28. Nc5 Qc2 29. Qh6 {Now White is crushing through.} Qg2 30. hxg6
Bxg6 31. Qh8+ Kf7 32. Ne5# 1-0

[Event "USA-CHN Summit"]
[Site "Seattle"]
[Date "2001.03.18"]
[Round "4.3"]
[White "Kaidanov, Gregory S"]
[Black "Peng, Xiaomin"]
[Result "1/2-1/2"]
[WhiteElo "2607"]
[BlackElo "2648"]
[Annotator "Ftacnik,L"]
[PlyCount "60"]
[EventDate "2001.03.14"]
[EventType "team"]
[EventRounds "4"]
[EventCountry "USA"]
[SourceTitle "CBM 082"]
[Source "ChessBase"]
[SourceDate "2001.05.17"]
[SourceVersion "1"]
[SourceVersionDate "2001.05.17"]
[SourceQuality "1"]
[WhiteTeam "US of America"]
[BlackTeam "China"]
[WhiteTeamCountry "USA"]
[BlackTeamCountry "CHN"]

1. d4 Nf6 2. c4 g6 3. Nc3 d5 4. cxd5 Nxd5 5. Bd2 Bg7 6. e4 Nb6 7. Be3 O-O 8. f4
Nc6 9. d5 Na5 10. Bd4 e5 11. Bxe5 Bxe5 12. fxe5 Qh4+ 13. g3 Qe7 14. Qd4 Rd8 15.
b4 Nac4 16. Bxc4 (16. Nf3 Bg4 17. Bxc4 Bxf3 18. O-O Qxb4 19. e6 (19. Rxf3 Qxc4
20. Qe3 Nd7 21. Qf4 (21. Raf1 Nxe5 22. Rf4 Rd7 23. Rh4 h5 {1/2-1/2 Decsey,
K-Rapcsak,A/Paks/1998/ (37)}) 21... Qd4+ 22. Kh1 Rf8 23. Rb1 a6 24. Ne2 Qc4 25.
Rb2 Rae8 26. Rc3 Qa4 27. Rxc7 Nxe5 28. Rbxb7 Qxa2 {1/2-1/2 Moskalenko,V-Zakic,
S/Belgrade/1988/ (58)}) 19... fxe6 20. Rxf3 Qxc4 21. Qf6 exd5 22. Qe6+ Kh8 23.
Qe5+ Kg8 24. Qe6+ Kh8 {1/2-1/2 Gheorghiu,F-Granda Zuniga,J/New York/ 1987/ (24)
}) 16... Qxb4 17. Nf3 (17. Nge2 Qxc4 18. O-O Qxd4+ 19. Nxd4 c6 20. e6 fxe6 21.
Nxe6 Bxe6 22. dxe6 Rd3 23. Rac1 Rf8 {1/2-1/2 Moskalenko,V-Ftacnik,L/Belgrade/
1988/ (31)}) 17... Qxc4 18. Qe3 (18. Qxc4 Nxc4 19. Rb1 a6 20. Ne2 Re8 $15) (18.
Rb1 Qxd4 19. Nxd4 c6 20. O-O cxd5 21. Rxb6 axb6 22. exd5 Ra5 $11) 18... c6 19.
e6 (19. d6 Bg4 $15) 19... fxe6 (19... cxd5 20. exf7+ Kg7 21. Nd2 Qb4 22. exd5
$14) 20. Ne5 {[%mdl 4] Black king would be in big trouble without any
defenders around him, but fortunately white has yet to complete his
development.} Qb4 (20... Qa6 21. Qg5 (21. dxc6 Nc4 22. Nxc4 Qxc4 $17) 21... Rf8
22. Nxg6 hxg6 23. Qxg6+ Kh8 24. dxe6 Qd3 25. Qh6+ Kg8 26. Qg6+ $11) 21. O-O Nc4
(21... exd5 22. Nf7 Rd7 23. Nh6+ Kg7 24. Ng4 Rf7 25. Qh6+ Kg8 26. Rxf7 $40) (
21... cxd5 22. Ng4 $40) 22. Qg5 (22. Qd4 Qb6 23. Qxb6 Nxb6 24. dxc6 bxc6 25.
Nxc6 Rd7 $11) 22... Qb6+ 23. Kh1 Nxe5 24. Qxe5 exd5 (24... cxd5 25. Qf6 Bd7 26.
Qf7+ Kh8 27. Qf6+ $11) 25. Rab1 Qa6 (25... Qa5 26. Rxb7 Bxb7 27. Qe6+ Kh8 $11)
26. Qe7 Bh3 $1 {The last exact move, Kaidanov is left only with an option of
chosing between drawing lines.} (26... Bd7 $2 27. Rf7 $18) 27. Qf7+ (27. Rf7
Rd7 28. Rg7+ Kh8 29. Rxh7+ Kg8 $11) 27... Kh8 28. Qf6+ Kg8 29. Qf7+ Kh8 30.
Qf6+ Kg8 1/2-1/2

[Event "EU-ch 4th"]
[Site "Istanbul"]
[Date "2003.06.01"]
[Round "3"]
[White "Sakaev, Konstantin"]
[Black "Timofeev, Artyom"]
[Result "1-0"]
[WhiteElo "2664"]
[BlackElo "2577"]
[Annotator "Ftacnik,L"]
[PlyCount "47"]
[EventDate "2003.05.30"]
[EventType "swiss"]
[EventRounds "13"]
[EventCountry "TUR"]
[SourceTitle "CBM 096"]
[Source "ChessBase"]
[SourceDate "2003.09.25"]
[SourceVersion "1"]
[SourceVersionDate "2003.09.25"]
[SourceQuality "1"]

1. d4 Nf6 2. c4 g6 3. f3 d5 4. cxd5 Nxd5 5. e4 Nb6 6. Nc3 Bg7 7. Be3 O-O 8. Qd2
Nc6 9. O-O-O f5 10. h4 fxe4 11. h5 gxh5 (11... exf3 12. hxg6 (12. Nxf3 Bf5 13.
hxg6 Bxg6 14. Bd3 Qd6 15. Ng5 Nb4 16. Nge4 Nxd3+ 17. Qxd3 Qc6 18. Bg5 Nd5 {
0-1 Igla,B-Tsai,C/Oropesa del Mar 2000/ (37)}) 12... hxg6 13. Nxf3 Qd6 14. Bh6
Bf5 15. Bxg7 Kxg7 16. d5 Ne5 17. Qh6+ {1-0 Ward,C-Liss,E/Isle of Man 1997/ (43)
}) (11... e5 12. d5 Nd4 13. hxg6 hxg6 14. Bh6 (14. fxe4 Bg4 (14... c6 15. Nf3
Nxf3 16. gxf3 cxd5 17. exd5 Rxf3 18. Kb1 Bf5+ 19. Ka1 Qd7 20. d6 e4 21. Be2 Rg3
22. Bd4 {1-0 Svetushkin,D-Lupulescu,C/Bucharest 2003/ (29)}) 15. Re1 Qe7 16.
Bd3 c6 17. Kb1 Rac8 18. Nh3 Qb4 19. Nf2 Bd7 20. Bh6 Qe7 21. Nfd1 cxd5 22. Nxd5
Nxd5 23. exd5 Bf5 24. Nc3 Bxh6 25. Rxh6 Kg7 26. Bxf5 Nxf5 27. Rh3 {1-0 Barsov,
A-Barbeau,S/Montreal 2002/ (55)}) 14... Qe7 (14... e3 15. Bxe3 Nxd5 16. Bh6 Nf4
17. Bxg7 Kxg7 18. g3 Nh5 19. Qe3 Qf6 20. Bd3 Bf5 21. g4 Bxd3 22. gxh5 Bf5 23.
f4 {1-0 Jerez Perez,A-Perez Lopez,J/Cala Galdana 2001/ (48)}) 15. Bxg7 Qxg7 16.
fxe4 Bg4 17. Be2 Rf2 18. Qe3 Rxg2 19. Bxg4 Rc2+ 20. Kb1 Rxb2+ 21. Kc1 Rc2+ 22.
Kb1 Rb2+ {1/2-1/2 Varga,Z-Schneider,H/Bad Woerishofen 2001/ (24)}) 12. d5 $5
$146 {Sakaev is trying to improve on the sharp variation, that was somehow
holding for black in the praxis.} (12. Rxh5 Bf5 13. Rg5 Bg6 14. Be2 e5 15. d5
exf3 16. Nxf3 Nd4 17. Bd3 (17. Nxe5 Nxe2+ 18. Qxe2 {1/2-1/2 Pliasunov,
A-Vokarev,S/St Petersburg 2002/ (18)}) 17... Nf5 18. Bc5 Rf7 19. g4 Nd6 20.
Bxd6 cxd6 21. Bf5 Kf8 22. Rxg6 hxg6 23. Ng5 Nc4 24. Ne6+ Ke7 25. Qe2 Qb6 {
1/2-1/2 Golod,V-Herrera,I/Linares 2001/ (66)}) 12... Ne5 13. Bh6 Rf7 $6 (13...
Nec4 $5 14. Qg5 Rf7 15. Rh4 (15. Bxc4 Nxc4 16. Bxg7 (16. Rh4 Qd6 17. Bxg7 Rxg7
18. Qxh5 Bd7 19. Rxe4 Qb4 20. Rd2 Qc5 21. Rd1 $13) 16... Rxg7 17. Qxh5 exf3 18.
gxf3 Qf8 $13) 15... Nd6 (15... Nxb2 16. Rf4 Qe8 17. Rxf7 Qxf7 18. Kxb2 Na4+ 19.
Ka3 Nxc3 20. Rc1 exf3 21. Rxc3 Qg6 22. Qxg6 hxg6 23. Bxg7 fxg2 24. Bxg2 Kxg7
25. Rxc7 Kf6 $13) 16. fxe4 Bg4 17. Nf3 e5 18. dxe6 Qxg5+ 19. Bxg5 Bxe6 $13) 14.
Bxg7 Rxg7 (14... Kxg7 15. Qd4 Rf5 16. g4 hxg4 17. fxg4 Rg5 18. Nxe4 e6 19. Nf3
c5 20. Rxh7+ Kg8 21. Qg1 Rxg4 22. Qh1 $18) 15. Rxh5 (15. Nxe4 h4 16. Qd4 Ng6
17. Ne2 $14) 15... Nbc4 $2 {[%mdl 256] Timofeev has simply not risen to the
task of the defender, second weaker move will cost him a whole point.} (15...
Nf7 16. Nxe4 e6 17. dxe6 Qxd2+ 18. Rxd2 Bxe6 19. Nf6+ Kh8 20. Bd3 h6 21. b3 Rd8
$14) 16. Qd4 b5 (16... Qe8 17. Rxe5 Nxe5 18. Qxe5 exf3 19. Nxf3 $18) (16... c5
17. Qxe4 Qe8 18. Rxe5 $18) 17. Rxe5 (17. Nxb5 c6 18. Nc3 Ba6 19. Rxe5 Nxe5 20.
Qxe5 $18) 17... Nxe5 18. Qxe5 exf3 (18... Qd6 19. Qxe4 b4 20. Nb5 Qc5+ 21. Bc4
$18) 19. Nxf3 Qd6 20. Nxb5 Qxe5 21. Nxe5 {White knights are very active, black
stands no chance of defending all the weaknesses.} Bf5 (21... Ba6 22. Nxc7 Rc8
23. Bxa6 Rxc7+ 24. Bc4 Rg4 25. b3 $18) 22. Nd4 Be4 23. Bc4 Rxg2 (23... Kh8 24.
g4 Rgg8 25. Ne6 $18) 24. Re1 (24. Re1 Bg6 25. d6+ $18) 1-0

[Event "RUS-Cup03 Geller Memorial"]
[Site "Moscow"]
[Date "1999.02.09"]
[Round "8"]
[White "Feoktistov, Alexey A"]
[Black "Zhelesny, Stanislav"]
[Result "1-0"]
[WhiteElo "2390"]
[BlackElo "2307"]
[Annotator "Ftacnik,L"]
[PlyCount "95"]
[EventDate "1999.02.10"]
[EventType "swiss"]
[EventRounds "9"]
[EventCountry "RUS"]
[SourceTitle "CBM 070"]
[Source "ChessBase"]
[SourceDate "1999.06.08"]
[SourceVersion "1"]
[SourceVersionDate "1999.06.08"]
[SourceQuality "1"]

1. d4 Nf6 2. c4 g6 3. Nc3 d5 4. cxd5 Nxd5 5. e4 Nb6 6. h3 Bg7 7. Nf3 O-O 8. Be2
Nc6 9. Be3 f5 10. Qb3+ (10. exf5 Bxf5 (10... gxf5 11. Qb3+ (11. Qd2 Be6 12. O-O
Nc4 13. Bxc4 Bxc4 14. Rfe1 f4 15. Bxf4 Nxd4 16. Ne5 Ne2+ 17. Nxe2 Qxd2 18. Bxd2
Bxe5 19. Bc3 Bd6 {Lputian,S-Barua,D/Tilburg/1994/ 0,5 (50)}) 11... e6 12. Bg5
Nxd4 13. Bxd8 Nxb3 14. Rd1 Na5 15. Bxc7 Nac4 16. Rc1 Nxb2 17. Nb5 Bd7 18. O-O
Nd5 19. Be5 Bxe5 20. Nxe5 Nf4 21. Nd4 Nxe2+ 22. Nxe2 Bb5 23. Rfe1 Nd3 24. Nxd3
Bxd3 25. Nf4 Be4 26. Nxe6 {1-0 Yuferov,S-Kuznetsova,E/Katowice/1993/ (54)}) 11.
Qb3+ Kh8 12. d5 Ne5 13. Nd4 (13. Nxe5 Bxe5 14. Rd1 Qd6 15. O-O a5 16. a3 a4 17.
Qb5 Bd7 18. Qd3 Bf5 19. Qd2 Rad8 20. Rfe1 Bg7 21. Bf1 e5 22. dxe6 {1-0
Christiansen,L-Castro,O/Torremolinos/1977/ (34)}) 13... c6 14. Rd1 cxd5 15.
Nxf5 Rxf5 16. Nxd5 Nxd5 17. Rxd5 Qc7 18. O-O Nc6 19. Rfd1 Rxd5 20. Rxd5 Rf8 21.
Bg4 {1-0 Andersson,U-Kortschnoj,V/Clermont Ferrand 1989/ (40)}) (10. d5 Ne5 11.
exf5 Bxf5 12. O-O Nxf3+ 13. Bxf3 Nc4 14. Bg5 Nd6 15. Re1 Bf6 16. Bxf6 Rxf6 17.
Qe2 Qf8 18. Bg4 Bxg4 19. hxg4 Qf7 20. f3 Re8 21. Rac1 e5 22. Qe3 {1-0
Bondarevsky,I-Averbakh,Y/Moscow 1950/ (39)}) 10... Kh8 (10... e6 11. d5 exd5
12. O-O-O Kh8 13. exd5 Ne5 14. Bc5 Re8 15. h4 Nxf3 16. Bxf3 h5 17. Rde1 Bd7 18.
d6 cxd6 19. Bxb6 axb6 20. Bxb7 Ra7 21. Bd5 Re5 {0-1 Gasztonyi,E-Sandor,B/
Budapest 1953/ (30)}) 11. d5 fxe4 12. dxc6 exf3 13. Bxf3 Rxf3 {Black has to
sacrifice the exchange in order to eliminate the pressure and get his pieces
into action.} (13... Rb8 14. Rd1 Qe8 15. Nb5 $1 $16) 14. gxf3 bxc6 15. Qf7 $5 (
15. Rd1 Qf8 16. Ne4 Nd5 $14) 15... Ba6 16. Rd1 Qf8 17. Qxf8+ Rxf8 18. Bc5 $1 (
18. Bxb6 axb6 19. Rd7 Be5 20. Ne4 Rxf3 21. Rxe7 Bxb2 22. Rxc7 Rf4 23. f3 Rxf3
24. Kd2 Be5 25. Rxh7+ Kg8 {1/2-1/2 Berg,K-Fries Nielsen,J/Ribe 1978/ (33)})
18... Bxc3+ (18... Rxf3 19. Rd8+ Rf8 20. Bxe7 Rxd8 21. Bxd8 Nc4 22. Bxc7 Nxb2
23. Kd2 $16) 19. bxc3 Nd5 {Most of the pawns on the board are now isolated.
White has additional problem of efficient transfer of the h1 rook into play.}
20. Rd4 (20. Bxa7 e5 21. Rg1 $1 Nxc3 22. Ra1 Rxf3 23. Rg3 $16) 20... Rb8 $1 (
20... Rxf3 21. Ra4 Bb5 22. Bd4+ Kg8 23. Rxa7 Kf7 24. Rh2 $5 (24. a4 Nxc3 25.
Bxc3 (25. axb5 Nxb5 26. Ra4 Rf4 $17) 25... Rxc3 26. Kd2 Rd3+ 27. Kc2 Ra3 28. a5
$14) 24... c5 25. Bh8 $16) 21. f4 (21. Bxa7 $6 Rb7 22. Bc5 e5 23. Rd1 Nxc3 24.
Rd8+ Kg7 25. Kd2 Nxa2 $13) (21. Rh2 Nxc3 (21... Rb1+ 22. Rd1 Rxd1+ 23. Kxd1
Nxc3+ 24. Kc2 Nxa2 25. Kb2 Bc4 26. Rh1 $14) 22. Kd2 Nxa2 23. Kc2 Be2 $13) 21...
Nxf4 $1 (21... Nxc3 22. Kd2 Nxa2 23. Kc2 $1 $16) 22. Kd2 (22. Rxf4 Rb1+ 23. Kd2
Rxh1 24. Ra4 Bf1 25. Rxa7 Rxh3 26. Rxc7 $14) 22... Ne6 (22... e5 $1 23. Rb4 (
23. Bxa7 Rb2+ 24. Kc1 Rxa2 25. Kb1 Re2 $13) 23... Rd8+ 24. Kc2 Nd3 25. Rd1
Nxb4+ 26. cxb4 $11) 23. Bxa7 Rb7 $2 {Black has played brilliantly in the
defense, but his last move is just meek. The active 23...Rb2+ would put white
in the defensive.} (23... Rb2+ $1 24. Kc1 Rxa2 25. Rb4 (25. Kb1 Rxf2 26. Rd7
Rf7 27. Re1 Bc8 $17) 25... Bd3 26. Re1 Bf5 $15) 24. Re4 Rxa7 (24... Rb2+ 25.
Kc1 Rxa2 26. Rhe1 Ra1+ 27. Kb2 Rxe1 28. Rxe1 Bc8 29. Bb8 Kg8 30. Bxc7 $14) 25.
Rxe6 Bc4 26. Re5 (26. Rxe7 Rxa2+ 27. Ke3 Re2+ 28. Kd4 Rxe7 29. Kxc4 Rf7 $17)
26... Rxa2+ 27. Ke3 Kg8 (27... Re2+ 28. Kd4 Rxe5 29. Kxe5 Kg7 30. Ra1 $16) 28.
Rb1 Kf7 29. Rb7 Kf6 30. Re4 Bd5 (30... Re2+ 31. Kf3 Bd5 32. Kxe2 Bxe4 33. Ke3
Bd5 34. h4 $16) 31. Rf4+ Ke5 32. Rxc7 Ra3 $2 {Misserable trade of most pawns
on the board, black forgets that he is sitting without exchange.} (32... Kd6 $1
33. Rc8 Ra3 34. Kd3 $14) 33. Rxe7+ Kd6 34. Rxh7 Rxc3+ 35. Kd2 Ra3 36. Rg4 $18 {
xg6} Ra2+ 37. Ke3 Ra3+ 38. Kf4 Rf3+ 39. Kg5 Rxf2 40. Kxg6 c5 41. Rh8 Be6 (41...
c4 42. Rd8+ Ke6 43. Re8+ Kd6 44. Re3 $18) 42. Rg3 c4 43. h4 Ke7 44. Rh7+ Kd6 (
44... Bf7+ 45. Kg5 Ke6 46. h5 $18) 45. Ra7 Bf5+ 46. Kg5 Be4 47. Ra5 Bf3 $2 48.
Rf5 1-0